书目信息 |
| 题名: |
数学建模
|
|
| 作者: | Giordano , Weir , Fox 著 ;叶其孝 , 姜启源 译 | |
| 分册: | ||
| 出版信息: | 北京 机械工业出版社 2005 |
|
| 页数: | 13,441页 | |
| 开本: | 24cm | |
| 丛书名: | 华章数学译丛 | |
| 单 册: | ||
| 中图分类: | O22 | |
| 科图分类: | ||
| 主题词: | 数学模型--建立模型 | |
| 电子资源: | ||
| ISBN: | 7-111-14793-6 | |
| 000 | 01287oam2 2200349 45 | |
| 001 | 0900000022283 | |
| 005 | 20051009092207.40 | |
| 010 | @a7-111-14793-6@dCNY45.00 | |
| 100 | @a20050122d2005 ekmy0chiy0120 ea | |
| 101 | 1 | @achi@ceng |
| 102 | @aCN@b110000 | |
| 105 | @aak z 001yy | |
| 200 | 1 | @a数学建模@9shu xue jian mo@d= A First Course in Mathematical Modeling@f(美)Frank R.Giordano,(美)Maurice D.Weir,(美)William P.Fox著@F(mei)Frank R.Giordano,(mei)Maurice D.Weir,(mei)William P.Fox zhu@g叶其孝,姜启源等译 |
| 210 | @a北京@c机械工业出版社@d2005 | |
| 215 | @a13,441页@c图@d24cm | |
| 225 | 2 | @a华章数学译丛 |
| 305 | @a本书原版为第3版,中文译文版为第1版 | |
| 306 | @a本书由汤姆森学习出版集团授权出版 | |
| 320 | @a有索引 | |
| 330 | @a本书共分两大部分:离散建模和连续建模,本书对于用到的数学知识力求深入浅出,涉及的应用领域相当广范,适合作为高等院校相关专业的数学建模教材和参考书。 | |
| 410 | 0 | @12001 @a华章数学译丛 |
| 510 | 1 | @aA First Course in Mathematical Modeling@zeng |
| 606 | 0 | @a数学模型@x建立模型 |
| 690 | @aO22@v4 | |
| 701 | 0 | @aGiordano@4著 |
| 701 | 0 | @aWeir@4著 |
| 701 | 0 | @aFox@4著 |
| 702 | 0 | @a叶其孝@Aye qi xiao@4译 |
| 702 | 0 | @a姜启源@Ajiang qi yuan@4译 |
| 801 | 0 | @aCN@bTSSF@c20051009 |
| 905 | @a10447@dO22@e100 | |
| 999 | @aHSJ@eJDD | |
| 数学建模= A First Course in Mathematical Modeling/(美)Frank R.Giordano,(美)Maurice D.Weir,(美)William P.Fox著/叶其孝,姜启源等译.-北京:机械工业出版社,2005 |
| 13,441页:图;24cm.-(华章数学译丛) |
| ISBN 7-111-14793-6:CNY45.00 |
| 本书共分两大部分:离散建模和连续建模,本书对于用到的数学知识力求深入浅出,涉及的应用领域相当广范,适合作为高等院校相关专业的数学建模教材和参考书。 |
| ● |
| 相关链接 |
|
|
|
|
正题名:数学建模
索取号:O22/100
 
预约/预借
| 序号 | 登录号 | 条形码 | 馆藏地/架位号 | 状态 | 备注 |
| 1 | 0364716 | 3647165 | 第二样本阅览室/ [索取号:O22/100] | 在馆 | |
| 2 | 0364717 | 3647174 | 第三借阅区/ [索取号:O22/100] | 在馆 | |
| 3 | 0364718 | 3647183 | 第三借阅区/ [索取号:O22/100] | 在馆 |